|
|
|
|
| LEADER |
00000nam0a2200000 4500 |
| 001 |
285837 |
| 005 |
20231101235832.0 |
| 020 |
|
|
|a RU
|b 85-26626
|
| 035 |
|
|
|a (RuTPU)RU\TPU\book\310118
|
| 090 |
|
|
|a 285837
|
| 100 |
|
|
|a 20150228d1985 km y0rusy5003 ca
|
| 101 |
1 |
|
|a rus
|c fre
|
| 102 |
|
|
|a RU
|
| 105 |
|
|
|a y z 001zd
|
| 200 |
1 |
|
|a О музыкальном искусстве
|e пер. с фр.
|f А. Онеггер
|
| 205 |
|
|
|a 2-е изд.
|
| 210 |
|
|
|a Ленинград
|c Музыка
|d 1985
|
| 215 |
|
|
|a 215 с.
|
| 320 |
|
|
|a Указатели: с. 187-213
|
| 320 |
|
|
|a Указатели: с.
|
| 600 |
|
1 |
|a Бетховен
|b Л. В.
|c немецкий композитор, пианист и дирижер
|f 1770-1827
|g Людвиг Ван
|2 stltpush
|3 (RuTPU)RU\TPU\pers\10151
|9 2197
|
| 600 |
|
1 |
|a Моцарт
|g Вольфганг Амадей
|f 1756-1791
|c австрийский композитор
|b В. А.
|2 stltpush
|3 (RuTPU)RU\TPU\pers\389
|
| 600 |
|
1 |
|a Дебюсси
|b К. А.
|c французский композитор
|f 1862-1918
|g Клод Ашиль
|2 stltpush
|3 (RuTPU)RU\TPU\pers\14650
|9 4869
|
| 600 |
|
1 |
|a Равель
|b М.
|c французский композитор
|f 1875-1937
|g Морис
|2 stltpush
|3 (RuTPU)RU\TPU\pers\32066
|9 16112
|
| 600 |
|
1 |
|a Шопен
|g Фредерик
|f 1810-1849
|c польский композитор
|c пианист
|b Ф.
|2 stltpush
|3 (RuTPU)RU\TPU\pers\513
|
| 600 |
|
1 |
|a Стравинский
|b И. Ф.
|c русский композитор
|f 1882-1971
|g Игорь Федорович
|2 stltpush
|3 (RuTPU)RU\TPU\pers\11072
|9 2447
|
| 606 |
1 |
|
|a Музыка
|2 stltpush
|3 (RuTPU)RU\TPU\subj\73462
|9 86458
|
| 610 |
1 |
|
|a музыкальная культура
|
| 610 |
1 |
|
|a музыкальное творчество
|
| 610 |
1 |
|
|a инструментальная музыка
|
| 610 |
1 |
|
|a композиторы
|
| 610 |
1 |
|
|a музыканты
|
| 610 |
1 |
|
|a вокальная музыка
|
| 610 |
1 |
|
|a теория
|
| 610 |
1 |
|
|a история
|
| 675 |
|
|
|a 78
|z rus
|v 3
|
| 700 |
|
1 |
|a Онеггер
|b А.
|g Артюр
|4 070
|
| 801 |
|
0 |
|a RU
|b RuMRKP
|c 19950704
|g psbo
|
| 801 |
|
1 |
|a RU
|b 63413507
|c 20150228
|
| 801 |
|
2 |
|a RU
|b 63413507
|c 20171101
|g RCR
|
| 942 |
|
|
|c BK
|